000 00438pab a2200169 454500
008 180718b2004 xxu||||| |||| 00| 0 eng d
100 _aShrivastava, R.L.
245 _aLinking performance measures with TQM factors and practices
260 _c2004
300 _ap.586-94.
362 _aJan-Mar
650 _aTotal quality management
700 _aLakhe, R.R.
700 _aBhagade, S.S.
773 _aProductivity
909 _a62040
999 _c62040
_d62040